000 00320nam a2200133Ia 4500
008 191201s2012 xx 000 0 und d
082 _a658.87
_bSHR
100 _aSHEIKH, Arif
245 0 _aRetail Management
260 _aN. Delhi
_bHimalaya Publication House
_c2012
300 _a484
650 _aBBA
942 _2ddc
_cBK
999 _c5943
_d5943